MARC details
| 000 -CABECERA |
| campo de control de longitud fija |
01485nam a2200265 a 4500 |
| 001 - NÚMERO DE CONTROL |
| campo de control |
000013395 |
| 003 - IDENTIFICADOR DEL NÚMERO DE CONTROL |
| campo de control |
DO-SdBNP |
| 005 - FECHA Y HORA DE LA ÚLTIMA TRANSACCIÓN |
| campo de control |
20251106082051.0 |
| 008 - DATOS DE LONGITUD FIJA--INFORMACIÓN GENERAL |
| campo de control de longitud fija |
100809s2004 dr a 000 0 spa d |
| 040 ## - FUENTE DE LA CATALOGACIÓN |
| Centro catalogador/agencia de origen |
DO-SdBNP |
| Lengua de catalogación |
spa |
| Centro/agencia transcriptor |
BNPHU |
| 082 ## - NÚMERO DE LA CLASIFICACIÓN DECIMAL DEWEY |
| Número de clasificación |
xxxx |
| Número de documento/Ítem |
xxxx |
| 100 1# - ENTRADA PRINCIPAL--NOMBRE DE PERSONA |
| Nombre de persona |
Ventura, Eduardo |
| 9 (RLIN) |
30651 |
| 245 10 - MENCIÓN DE TÍTULO |
| Título |
Matemática superior : |
| Resto del título |
manual de prácticas / |
| Mención de responsabilidad, etc. |
Eduardo Ventura, Roberto Morel. |
| 250 ## - MENCIÓN DE EDICIÓN |
| Mención de edición |
2a ed. |
| 260 ## - PUBLICACIÓN, DISTRIBUCIÓN, ETC. |
| Lugar de publicación, distribución, etc. |
Santo Domingo : |
| Nombre del editor, distribuidor, etc. |
Universidad Católica Santo Domingo, |
| Fecha de publicación, distribución, etc. |
2004. |
| 300 ## - DESCRIPCIÓN FÍSICA |
| Extensión |
v. : |
| Otras características físicas |
il. ; |
| Dimensiones |
28 cm. |
| 505 0# - NOTA DE CONTENIDO CON FORMATO |
| Información miscelánea |
Matemática superior I -- |
| Título |
Lógica matemática -- |
| -- |
Teoría de conjuntos -- |
| -- |
Conjunto numérico -- |
| -- |
Expresiones algebraicas -- |
| -- |
Potenciación radicación -- |
| -- |
Relaciones. Funciones -- |
| -- |
Productos. Cocientes notables -- |
| -- |
Factorización -- |
| -- |
Geometría -- |
| -- |
Ecuaciones de primer grado -- |
| -- |
Ecuaciones de segundo grado -- |
| -- |
Inecuaciones -- |
| 505 0# - NOTA DE CONTENIDO CON FORMATO |
| Información miscelánea |
Matemática superior II -- |
| Título |
Logaritmos -- |
| -- |
Funciones exponenciales y logarítmicas -- |
| -- |
Progresiones: Aritméticas y geométricas -- |
| -- |
Análisis combinatorio -- |
| -- |
Ecuaciones simultáneas -- |
| -- |
Determinantes -- |
| -- |
Vectores y matrices -- |
| -- |
Trigonometría -- |
| -- |
Incrementos -- |
| -- |
Pendiente de una recta -- |
| -- |
Teoría de límites -- |
| -- |
Derivadas -- |
| 650 #4 - PUNTO DE ACCESO ADICIONAL DE MATERIA--TÉRMINO DE MATERIA |
| Término de materia o nombre geográfico como elemento de entrada |
Matemática |
| Subdivisión general |
Enseñanza |
| 9 (RLIN) |
30652 |
| 650 #4 - PUNTO DE ACCESO ADICIONAL DE MATERIA--TÉRMINO DE MATERIA |
| Término de materia o nombre geográfico como elemento de entrada |
Matemática |
| Subdivisión general |
Problemas, ejercicios, etc. |
| 9 (RLIN) |
30653 |
| 650 #0 - PUNTO DE ACCESO ADICIONAL DE MATERIA--TÉRMINO DE MATERIA |
| Término de materia o nombre geográfico como elemento de entrada |
Álgebra |
| Subdivisión general |
Enseñanza |
| 9 (RLIN) |
25976 |
| 650 #4 - PUNTO DE ACCESO ADICIONAL DE MATERIA--TÉRMINO DE MATERIA |
| Término de materia o nombre geográfico como elemento de entrada |
Algebra |
| Subdivisión general |
Problemas, ejercicios, etc. |
| 9 (RLIN) |
2662 |
| 700 1# - PUNTO DE ACCESO ADICIONAL--NOMBRE DE PERSONA |
| Nombre de persona |
Morel, Roberto |
| 9 (RLIN) |
29572 |
| 942 ## - ELEMENTOS DE PUNTO DE ACCESO ADICIONAL (KOHA) |
| Fuente del sistema de clasificación o colocación |
Dewey Decimal Classification |
| Tipo de ítem Koha |
Libro |